00376nam a2200157Ia 4500003000400000005001700004008004100021040000700062041000800069082001600077100003000093245003700123260003700160300001300197365000800210OSt20230620160423.0210423s2000 xx 000 0 und d cAL aeng a574.87 POPP aPOPESCU (Paul);others,Ed. aTechnics in animal cytogenetics. aNew YorkbSpringer Pvt Ltdc2000 axxvi,229 cINR